[Event "SG Kirchehren./Eberm. 1-SK Schwanstette"]
[Site "?"]
[Date "2015.01.25"]
[Round "5.8"]
[White "Seel, Manfred"]
[Black "Weyer, Gunther"]
[Result "0-1"]
[WhiteElo "1545"]
[BlackElo "1547"]
[PlyCount "134"]
[EventDate "2015.??.??"]
[WhiteTeam "SG Kirchehren./Eberm. 1"]
[BlackTeam "SK Schwanstetten 1"]

1. c4 Nf6 2. Nf3 g6 3. g3 Bg7 4. Bg2 c6 5. O-O O-O 6. d4 d5 7. cxd5 cxd5 8. Nc3
a6 9. Bg5 Nbd7 10. Qc1 b5 11. Bh6 Bb7 12. Bxg7 Kxg7 13. a3 Rc8 14. Qf4 h6 15.
Rfc1 Nh5 16. Qd2 Nhf6 17. Qf4 Qc7 18. Qd2 Qb8 19. e3 Nb6 20. b3 Qd6 21. Ne1
Rfd8 22. Nd3 Nfd7 23. b4 Nc4 24. Qc2 Nf6 25. Nc5 Ba8 26. a4 bxa4 27. Rxa4 Rc6
28. Rca1 e5 29. Nxa6 exd4 30. exd4 Rb6 31. b5 Bb7 32. Nc5 Bc8 33. Re1 Bf5 34.
Qa2 Bc8 35. Ra7 h5 36. h4 Bd7 37. Nxd7 Rxd7 38. Rxd7 Qxd7 39. Qb3 Nd2 40. Qc2
Nc4 41. Qb3 Nd2 42. Qb4 Nfe4 43. Nxe4 Nxe4 44. Bxe4 dxe4 45. Rxe4 Rxb5 46. Qe1
Qf5 47. Re5 Rb1 48. Qxb1 Qxb1+ 49. Kg2 Qb7+ 50. Kf1 f6 51. Re1 Qh1+ 52. Ke2
Qe4+ 53. Kf1 Qxd4 54. Re7+ Kf8 55. Re1 Kf7 56. Kg1 Qd2 57. Kf1 g5 58. hxg5 Qxg5
59. Re3 Kg6 60. Re1 Qg4 61. Re3 Qc4+ 62. Kg2 f5 63. Kf3 Qc2 64. Re6+ Kf7 65.
Re3 Kf6 66. Re2 Qd1 67. Ke3 Qd5 0-1

[Event "SC NT Nuernberg 4-SC 48/88 Erlangen 3"]
[Site "?"]
[Date "2015.01.25"]
[Round "5.1"]
[White "Diller, Daniel"]
[Black "Haubold, Martin"]
[Result "1-0"]
[WhiteElo "1964"]
[BlackElo "2017"]
[PlyCount "131"]
[EventDate "2015.??.??"]
[WhiteTeam "SC 48/88 Erlangen 3"]
[BlackTeam "SC NT Nürnberg 4"]

1. c4 Nf6 2. g3 e6 3. Bg2 d5 4. Nf3 Be7 5. O-O O-O 6. d4 dxc4 7. Qc2 a6 8. a4
Bd7 9. Qxc4 b5 10. Qc2 Nc6 11. a5 Nb4 12. Qb3 c5 13. dxc5 Nc6 14. Qc2 Rc8 15.
Rd1 Nb4 16. Qb3 Bxc5 17. Nc3 Qc7 18. Bf4 Qa7 19. e3 Bc6 20. Be5 Ng4 21. Bd4 Nd5
22. Ne2 Ba8 23. Rac1 Ndf6 24. h3 Bxd4 25. Nexd4 Bd5 26. Qb4 Nh6 27. Ne5 Bxg2
28. Kxg2 Qb7+ 29. Kg1 Nd5 30. Qb3 Rxc1 31. Rxc1 Rc8 32. Rxc8+ Qxc8 33. Qc2 Qxc2
34. Nxc2 f6 35. Nd7 Kf7 36. Nc5 Nc7 37. Nb4 Ke7 38. Ncxa6 Nxa6 39. Nxa6 Kd6 40.
b4 Nf7 41. Nc5 Nd8 42. e4 e5 43. Kf1 Nc6 44. Nd3 Nd4 45. f4 g5 46. fxe5+ fxe5
47. h4 gxh4 48. gxh4 Nf3 49. Ke2 Nd4+ 50. Kd2 h5 51. Kc3 Ne2+ 52. Kb2 Ng3 53.
Nc5 Kc7 54. Kc2 Ne2 55. Ne6+ Kc6 56. Kd2 Ng3 57. Ke3 Nf1+ 58. Ke2 Ng3+ 59. Kd3
Kd6 60. Ng7 Kc6 61. Ke3 Nf1+ 62. Ke2 Ng3+ 63. Kf3 Nf1 64. Nxh5 Nd2+ 65. Ke3
Nc4+ 66. Kd3 1-0

[Event "SC NT Nuernberg 4-SC 48/88 Erlangen 3"]
[Site "?"]
[Date "2015.01.25"]
[Round "5.2"]
[White "Krauss, Hermann"]
[Black "Albrecht, Thorsten"]
[Result "1/2-1/2"]
[WhiteElo "1982"]
[BlackElo "1827"]
[PlyCount "52"]
[EventDate "2015.??.??"]
[WhiteTeam "SC NT Nürnberg 4"]
[BlackTeam "SC 48/88 Erlangen 3"]

1. e4 e6 2. d4 d5 3. exd5 exd5 4. Bd3 Nc6 5. c3 Bd6 6. Qf3 Be6 7. Bf4 Qd7 8.
Bxd6 Qxd6 9. Ne2 Nf6 10. h3 O-O-O 11. Nd2 Rde8 12. O-O-O Nd8 13. Rhe1 c6 14.
Qg3 Qxg3 15. Nxg3 g6 16. Nf3 h6 17. Ne5 Nd7 18. Kd2 Nxe5 19. Rxe5 Bd7 20. Rde1
Rxe5 21. Rxe5 Re8 22. Rxe8 Bxe8 23. Ke3 Kc7 24. h4 Kd6 25. Ne2 Ne6 26. Nf4 Ng7
1/2-1/2

[Event "SC NT Nuernberg 4-SC 48/88 Erlangen 3"]
[Site "?"]
[Date "2015.01.25"]
[Round "5.3"]
[White "Huettl, Walter"]
[Black "Maettig, Stefan"]
[Result "0-1"]
[WhiteElo "1809"]
[BlackElo "1925"]
[PlyCount "112"]
[EventDate "2015.??.??"]
[WhiteTeam "SC 48/88 Erlangen 3"]
[BlackTeam "SC NT Nürnberg 4"]

1. c4 Nf6 2. g3 e6 3. Bg2 c5 4. e4 Nc6 5. Nc3 Be7 6. Nge2 O-O 7. O-O d6 8. d4
a6 9. h3 Qc7 10. d5 exd5 11. cxd5 Na7 12. Be3 Bd7 13. Re1 Rfe8 14. Qc2 Rad8 15.
Rad1 b5 16. Nf4 Bf8 17. Nb1 Nc8 18. b4 c4 19. Bd4 Be7 20. Nc3 Rf8 21. Qe2 Ne8
22. Qb2 Bf6 23. Nce2 Be5 24. Rc1 Qb8 25. a4 Nf6 26. Bf3 Rfe8 27. Kh2 Re7 28.
Bxe5 dxe5 29. Ng2 Nd6 30. axb5 axb5 31. Nc3 Qc8 32. Ne3 Bxh3 33. g4 Bxg4 34.
Nxg4 Nxg4+ 35. Kg3 Nh6 36. Rh1 Rf8 37. Rxh6 gxh6 38. Qd2 f5 39. Qxh6 Rg7+ 40.
Kh2 Rg6 41. Rg1 Rxg1 42. Kxg1 Qd7 43. Qh3 Qg7+ 44. Kf1 Kh8 45. exf5 Qg5 46. Bg4
Ra8 47. Nd1 Ra1 48. Qc3 Rxd1+ 49. Bxd1 Qxf5 50. Bc2 Qf4 51. Qa1 Qd4 52. Qa8+
Kg7 53. Qb8 Qxd5 54. Qc7+ Nf7 55. Qc5 Qxc5 56. bxc5 Nd8 0-1

[Event "SC NT Nuernberg 4-SC 48/88 Erlangen 3"]
[Site "?"]
[Date "2015.01.25"]
[Round "5.4"]
[White "Lutzky, Manfred"]
[Black "Haas, Maximilian"]
[Result "0-1"]
[WhiteElo "1890"]
[BlackElo "1699"]
[PlyCount "61"]
[EventDate "2015.??.??"]
[WhiteTeam "SC NT Nürnberg 4"]
[BlackTeam "SC 48/88 Erlangen 3"]

1. e4 e6 2. d4 d5 3. exd5 exd5 4. Bd3 Bd6 5. Ne2 Qf6 6. c3 Ne7 7. Nd2 Bg4 8. h3
Bh5 9. Nf1 Nd7 10. Qb3 Nb6 11. a4 O-O-O 12. a5 Nd7 13. Ne3 c6 14. Qc2 Rhe8 15.
b3 Bxe2 16. Bxe2 Ng6 17. O-O Nf4 18. Bg4 h5 19. Bxd7+ Rxd7 20. Qf5 Qh6 21. c4
g6 22. Qc2 Qg5 23. Kh1 Qh4 24. f3 Qg3 25. Rd1 Ne2 26. Nf1 Qf2 27. Be3 Rxe3 28.
Nxe3 Qxe3 29. Qd2 Ng3+ 30. Kh2 Nf1+ 31. Kh1 0-1

[Event "SC NT Nuernberg 4-SC 48/88 Erlangen 3"]
[Site "?"]
[Date "2015.01.25"]
[Round "5.5"]
[White "Balhar, Michael"]
[Black "Loebel, Petra"]
[Result "0-1"]
[WhiteElo "1795"]
[BlackElo "1826"]
[PlyCount "94"]
[EventDate "2015.??.??"]
[WhiteTeam "SC 48/88 Erlangen 3"]
[BlackTeam "SC NT Nürnberg 4"]

1. e4 e6 2. d4 d5 3. Nc3 Bb4 4. exd5 exd5 5. Bd3 c6 6. Nf3 Bg4 7. Qe2+ Ne7 8.
Bf4 Bd6 9. Bxd6 Qxd6 10. h3 Bh5 11. g4 Bg6 12. Qe5 Qxe5+ 13. Nxe5 Bxd3 14. Nxd3
Nd7 15. f4 O-O-O 16. O-O-O Kc7 17. Rde1 Nc8 18. Ne5 Nd6 19. Nxd7 Kxd7 20. Re2
Rde8 21. Rhe1 h5 22. Rxe8 Nxe8 23. Nd1 Nf6 24. g5 Ne4 25. c4 g6 26. Ne3 Ke6 27.
Kc2 Re8 28. h4 Kd6 29. c5+ Kd7 30. Kd3 Nf2+ 31. Kd2 Re4 32. Kc3 Rxf4 33. Rf1
Ne4+ 34. Kd3 Rxf1 35. Nxf1 Ke6 36. Ke3 Kf5 37. Kf3 f6 38. Ne3+ Ke6 39. gxf6
Kxf6 40. Kf4 g5+ 41. hxg5+ Nxg5 42. Ng2 Ne6+ 43. Ke3 Kg5 44. Ne1 Kg4 45. Nf3
Kg3 46. b4 a6 47. a4 h4 0-1

[Event "SC NT Nuernberg 4-SC 48/88 Erlangen 3"]
[Site "?"]
[Date "2015.01.25"]
[Round "5.7"]
[White "Elsberger, Thimo"]
[Black "Hoffmann, Sebastian"]
[Result "0-1"]
[WhiteElo "1661"]
[BlackElo "1786"]
[PlyCount "60"]
[EventDate "2015.??.??"]
[WhiteTeam "SC 48/88 Erlangen 3"]
[BlackTeam "SC NT Nürnberg 4"]

1. c4 e5 2. Nc3 Nf6 3. g3 d5 4. cxd5 Nxd5 5. Bg2 Nb6 6. b3 Nc6 7. e3 Nb4 8. d4
exd4 9. exd4 Qxd4 10. Qxd4 Nc2+ 11. Kf1 Nxd4 12. Bb2 c6 13. Nh3 Bf5 14. Nf4 Bd6
15. Ne4 Bxe4 16. Bxe4 Bxf4 17. Bxd4 Bh6 18. Kg2 O-O 19. Rad1 Rad8 20. f4 Rfe8
21. Kf3 g6 22. f5 Nd5 23. Rhe1 gxf5 24. Bxf5 b6 25. Rxe8+ Rxe8 26. Bd7 Rd8 27.
Bxc6 Nb4 28. Be4 Bg7 29. Ke3 Nxa2 30. Rd2 Bh6+ 0-1

[Event "SC NT Nuernberg 4-SC 48/88 Erlangen 3"]
[Site "?"]
[Date "2015.01.25"]
[Round "5.8"]
[White "Faralisz, Patrick"]
[Black "Hehn, Christian"]
[Result "1-0"]
[WhiteElo "1687"]
[BlackElo "1564"]
[PlyCount "107"]
[EventDate "2015.??.??"]
[WhiteTeam "SC NT Nürnberg 4"]
[BlackTeam "SC 48/88 Erlangen 3"]

1. e4 e5 2. Nf3 Nc6 3. Nc3 Bc5 4. Nxe5 Bxf2+ 5. Kxf2 Nxe5 6. d4 Ng6 7. Bc4 d6
8. e5 dxe5 9. Qe2 Qh4+ 10. g3 Qxd4+ 11. Be3 Qd6 12. Rad1 Qf6+ 13. Kg2 c6 14.
Rhf1 Bf5 15. g4 Nh4+ 16. Kh1 Ne7 17. gxf5 O-O 18. Ne4 Qxf5 19. Rxf5 Nhxf5 20.
Bc5 Rfe8 21. Nd6 Nxd6 22. Bxd6 Ng6 23. Qf2 Nf4 24. Bxe5 Rxe5 25. Qxf4 Re7 26.
Qd6 Ree8 27. Qd7 Rf8 28. Rf1 Rad8 29. Rxf7 Rxd7 30. Rxd7+ Kh8 31. Kg2 b5 32.
Bf7 a5 33. Re7 b4 34. Re8 Rxe8 35. Bxe8 c5 36. b3 g6 37. Kf3 Kg7 38. Ke4 Kf6
39. Kd5 h5 40. Kxc5 h4 41. Bd7 Ke5 42. h3 g5 43. Kb5 Kd4 44. Kxa5 Kc5 45. Bg4
Kd6 46. Kxb4 Kc6 47. a4 Kb6 48. a5+ Ka6 49. c4 Kb7 50. Kb5 Ka7 51. a6 Kb8 52.
Kb6 Ka8 53. Bf3+ Kb8 54. a7+ 1-0

[Event "SC Forchheim 3-SG Muehlhof-R'dorf/Schw."]
[Site "?"]
[Date "2015.01.25"]
[Round "5.1"]
[White "Ahmels, Christian"]
[Black "Wichmann, Adrian"]
[Result "1-0"]
[WhiteElo "2050"]
[BlackElo "1931"]
[PlyCount "61"]
[EventDate "2015.??.??"]
[WhiteTeam "SG Mühlhof-R'dorf/Schw. 1"]
[BlackTeam "SC Forchheim 3"]

1. e4 c5 2. Nf3 g6 3. d4 cxd4 4. Nxd4 Bg7 5. Nc3 Nc6 6. Be3 Nf6 7. Be2 O-O 8.
O-O d6 9. Qd2 Bd7 10. f4 Ng4 11. Bxg4 Bxg4 12. f5 gxf5 13. h3 f4 14. Rxf4 Bd7
15. Nf5 Bxf5 16. Rxf5 Ne5 17. Bh6 f6 18. Bxg7 Kxg7 19. Rh5 Kg8 20. Nd5 e6 21.
Nf4 Qe7 22. Rf1 Rad8 23. Qe3 Qf7 24. Rh6 Nd7 25. Qg3+ Qg7 26. Qh4 Rde8 27. Rf3
Kh8 28. Rg3 Qxg3 29. Qxg3 Rg8 30. Ng6+ Kg7 31. Ne7+ 1-0

[Event "SC Forchheim 3-SG Muehlhof-R'dorf/Schw."]
[Site "?"]
[Date "2015.01.25"]
[Round "5.2"]
[White "Wagner, Robert"]
[Black "Greul, Hans"]
[Result "0-1"]
[WhiteElo "1916"]
[BlackElo "1996"]
[PlyCount "76"]
[EventDate "2015.??.??"]
[WhiteTeam "SC Forchheim 3"]
[BlackTeam "SG Mühlhof-R'dorf/Schw. 1"]

1. c4 e6 2. d4 d5 3. e3 Nf6 4. Bd3 c6 5. Nd2 Bd6 6. Ngf3 O-O 7. O-O Nbd7 8. e4
dxe4 9. Nxe4 Nxe4 10. Bxe4 Qc7 11. Re1 b6 12. b3 Bb7 13. Bb2 Nf6 14. Bc2 c5 15.
d5 Rae8 16. Ng5 e5 17. Re3 h6 18. Nf3 Ng4 19. Re2 Bc8 20. h3 Nf6 21. Qd2 Nh5
22. Rae1 f6 23. Nh4 Nf4 24. Re3 f5 25. g3 Nxh3+ 26. Kg2 f4 27. Qd3 fxe3 28.
Qh7+ Kf7 29. Rxe3 Ng5 30. Qg6+ Kg8 31. f4 Qf7 32. Qxd6 exf4 33. Bg6 fxe3 34.
Bxf7+ Rxf7 35. Qc6 Bd7 36. Qg6 Rf2+ 37. Kg1 Rxb2 38. Nf5 Nf3+ 0-1

[Event "SC Forchheim 3-SG Muehlhof-R'dorf/Schw."]
[Site "?"]
[Date "2015.01.25"]
[Round "5.3"]
[White "Reuter, Roland"]
[Black "Neth, Tobias"]
[Result "1-0"]
[WhiteElo "1934"]
[BlackElo "1883"]
[PlyCount "83"]
[EventDate "2015.??.??"]
[WhiteTeam "SG Mühlhof-R'dorf/Schw. 1"]
[BlackTeam "SC Forchheim 3"]

1. c4 e5 2. Nc3 Nc6 3. g3 Bc5 4. Bg2 d6 5. d3 Nge7 6. Nf3 O-O 7. O-O Bg4 8. a3
a5 9. Bd2 Qd7 10. Ne4 Ba7 11. Bc3 f5 12. Ned2 f4 13. Ne4 Nf5 14. Qd2 Ne3 15.
Rfc1 Bh3 16. Bh1 Qg4 17. b4 Nf5 18. c5 h5 19. Qa2+ Kh8 20. Nfg5 fxg3 21. hxg3
Nfd4 22. f3 Qd7 23. e3 Be6 24. Qh2 Nf5 25. Qxh5+ Nh6 26. d4 Bd5 27. dxe5 dxe5
28. f4 Qf5 29. Rf1 Kg8 30. fxe5 Qg4 31. Qxg4 Nxg4 32. Bd4 Ncxe5 33. Bxe5 Nxe5
34. Rxf8+ Rxf8 35. Rd1 Bc6 36. Ne6 Rf7 37. Rd8+ Kh7 38. N4g5+ Kg6 39. Nxf7 Nxf7
40. Rd2 Ne5 41. Bxc6 bxc6 42. Kg2 1-0

[Event "SC Forchheim 3-SG Muehlhof-R'dorf/Schw."]
[Site "?"]
[Date "2015.01.25"]
[Round "5.4"]
[White "Balle, Alfred"]
[Black "Leis, Stefan"]
[Result "1/2-1/2"]
[WhiteElo "1851"]
[BlackElo "1888"]
[PlyCount "114"]
[EventDate "2015.??.??"]
[WhiteTeam "SC Forchheim 3"]
[BlackTeam "SG Mühlhof-R'dorf/Schw. 1"]

1. e4 c5 2. Nf3 e6 3. d4 cxd4 4. Nxd4 Nc6 5. Nc3 Qc7 6. Be2 a6 7. O-O b5 8. a3
Bb7 9. Be3 Rc8 10. Nxc6 Qxc6 11. Bf3 Qc7 12. Bd4 d6 13. Rc1 Nf6 14. Re1 Nd7 15.
Qd2 h6 16. Nd1 Ne5 17. Bxe5 dxe5 18. Ne3 Rd8 19. Qe2 Bc5 20. c4 b4 21. axb4
Bxb4 22. Red1 O-O 23. Nc2 Qc5 24. Nxb4 Qxb4 25. Qc2 Bc6 26. b3 Rd4 27. Rxd4
exd4 28. Qd3 Rd8 29. Rd1 e5 30. Be2 Rb8 31. Rb1 a5 32. Bd1 f5 33. Bf3 f4 34. g3
g5 35. Bg4 Qc3 36. Be6+ Kf8 37. Qxc3 dxc3 38. Bd5 Ba4 39. c5 Ke7 40. Rc1 Bxb3
41. Rxc3 a4 42. Kg2 Kd7 43. gxf4 gxf4 44. Rh3 Bxd5 45. exd5 Rb5 46. Rc3 Rb3 47.
Rc4 Rd3 48. c6+ Kc7 49. Rc5 a3 50. Ra5 a2 51. Ra7+ Kc8 52. Rxa2 Rxd5 53. Kf3
Kc7 54. Rc2 Rd1 55. Rc5 Re1 56. Rc2 h5 57. Rc5 Rh1 1/2-1/2

[Event "SC Forchheim 3-SG Muehlhof-R'dorf/Schw."]
[Site "?"]
[Date "2015.01.25"]
[Round "5.5"]
[White "Dietrich, Jochen"]
[Black "Walter, Eugen"]
[Result "1/2-1/2"]
[WhiteElo "1884"]
[BlackElo "1792"]
[PlyCount "94"]
[EventDate "2015.??.??"]
[WhiteTeam "SG Mühlhof-R'dorf/Schw. 1"]
[BlackTeam "SC Forchheim 3"]

1. Nf3 f5 2. g3 d6 3. Bg2 g6 4. c4 Bg7 5. Nc3 Nh6 6. d3 c6 7. Qc2 Nf7 8. Bd2 e5
9. Rb1 O-O 10. O-O g5 11. b4 Be6 12. b5 d5 13. bxc6 bxc6 14. cxd5 cxd5 15. Nb5
Nd7 16. Qc6 Re8 17. Nc7 Rc8 18. Nxe6 Rxc6 19. Nxd8 Rxd8 20. Nxg5 Nb6 21. Nxf7
Kxf7 22. Rfc1 Rxc1+ 23. Rxc1 Rd7 24. Bh3 Kg6 25. Rc6+ Bf6 26. g4 fxg4 27. Bxg4
Re7 28. Bb4 Rb7 29. Bd6 Kg5 30. Bf3 Rd7 31. Bc5 Na4 32. Be3+ Kg6 33. Ra6 d4 34.
Bd2 Nb6 35. a4 Kg7 36. a5 Na4 37. Bc6 Nc5 38. Bxd7 Nxa6 39. Bc8 Nc5 40. Bf5 Bd8
41. Bb4 Be7 42. e3 h6 43. f4 Kf6 44. fxe5+ Kxe5 45. exd4+ Kxd4 46. Kg2 Bg5 47.
Bxc5+ Kxc5 1/2-1/2

[Event "SC Forchheim 3-SG Muehlhof-R'dorf/Schw."]
[Site "?"]
[Date "2015.01.25"]
[Round "5.6"]
[White "Heinkelmann, Josef"]
[Black "Proeschel, Gerhard"]
[Result "1-0"]
[WhiteElo "1864"]
[BlackElo "1825"]
[PlyCount "73"]
[EventDate "2015.??.??"]
[WhiteTeam "SC Forchheim 3"]
[BlackTeam "SG Mühlhof-R'dorf/Schw. 1"]

1. c4 e5 2. Nc3 Nf6 3. Nf3 Nc6 4. e4 d6 5. d4 Bg4 6. d5 Nd4 7. Be3 Nxf3+ 8.
gxf3 Bd7 9. Qd2 Qe7 10. Be2 g6 11. O-O-O a6 12. Kb1 Bg7 13. Rdg1 O-O-O 14. Bd3
Rde8 15. Ne2 Kd8 16. Qa5 Bc8 17. c5 Nd7 18. cxd6 Qxd6 19. Rc1 Re7 20. Bxa6 bxa6
21. Rc6 Qxc6 22. dxc6 Nb8 23. Qd5+ Ke8 24. Rd1 f6 25. Ba7 Be6 26. Qc5 Kf7 27.
Rd3 Rc8 28. Rb3 Ree8 29. Rxb8 Rxb8 30. Bxb8 Rxb8 31. Qa7 Rc8 32. Nc3 Bf8 33.
Qxa6 Bc5 34. Nd5 Bd6 35. Qb7 f5 36. a4 h6 37. a5 1-0

[Event "SC Forchheim 3-SG Muehlhof-R'dorf/Schw."]
[Site "?"]
[Date "2015.01.25"]
[Round "5.7"]
[White "Hetzner, Helmut"]
[Black "Radeck, Jochen"]
[Result "1-0"]
[WhiteElo "1859"]
[BlackElo "1766"]
[PlyCount "109"]
[EventDate "2015.??.??"]
[WhiteTeam "SG Mühlhof-R'dorf/Schw. 1"]
[BlackTeam "SC Forchheim 3"]

1. e4 e5 2. Nf3 Nf6 3. d4 Nxe4 4. Bd3 d5 5. Nxe5 Bd6 6. O-O O-O 7. c4 c6 8. Nc3
Nxc3 9. bxc3 Bxe5 10. dxe5 Be6 11. Qh5 g6 12. Qh6 f5 13. Ba3 Rf7 14. Rad1 Nd7
15. cxd5 cxd5 16. Bd6 Rc8 17. Qd2 Nc5 18. Rb1 a6 19. Rfc1 Qa5 20. Rc2 Ne4 21.
Bxe4 dxe4 22. h4 Kg7 23. Rcb2 b5 24. Bb4 Qd8 25. Qd6 Qxd6 26. exd6 Rd7 27. Rd2
Bc4 28. Rd4 Bd3 29. Ra1 Kf6 30. a4 Rc6 31. axb5 Bxb5 32. Rad1 Bd3 33. Rc1 Ke5
34. f3 Rc8 35. Re1 Kf6 36. f4 h6 37. Kf2 g5 38. g3 gxf4 39. gxf4 Kg6 40. Rc1
Bc4 41. Ra1 Kh5 42. Ra5 Kg4 43. Ke3 Bb5 44. Rd5 Rf8 45. Ra1 Bd3 46. Rg1+ Kh5
47. Kd4 Kxh4 48. c4 Kh3 49. c5 Bb5 50. Re5 Bc6 51. Re6 h5 52. Rh6 h4 53. Be1
Kh2 54. Rg5 h3 55. Rg3 1-0

[Event "SC Forchheim 3-SG Muehlhof-R'dorf/Schw."]
[Site "?"]
[Date "2015.01.25"]
[Round "5.8"]
[White "Gagel, Roland"]
[Black "Wirth, Karl-Heinz"]
[Result "1/2-1/2"]
[WhiteElo "1780"]
[BlackElo "1758"]
[PlyCount "75"]
[EventDate "2015.??.??"]
[WhiteTeam "SC Forchheim 3"]
[BlackTeam "SG Mühlhof-R'dorf/Schw. 1"]

1. d4 Nf6 2. f4 d5 3. e3 c5 4. c3 Nc6 5. Bd3 cxd4 6. exd4 Bg4 7. Nf3 e6 8. O-O
Bd6 9. Qe1 O-O 10. Ne5 Bf5 11. Qe2 Qb6 12. Kh1 Rad8 13. Nd2 Rfe8 14. Ndf3 Ne4
15. Nd2 Nxd2 16. Bxd2 f6 17. Nf3 Qc7 18. Nh4 Bxd3 19. Qxd3 Qf7 20. g4 Ne7 21.
Rae1 f5 22. h3 Qf6 23. g5 Qf7 24. Qf3 g6 25. Rf2 Nc6 26. Ng2 b5 27. a3 Na5 28.
Ne3 Nc4 29. Bc1 a5 30. Rfe2 Re7 31. h4 Nb6 32. Rh2 Kg7 33. h5 Rh8 34. hxg6 hxg6
35. Rxh8 Kxh8 36. Kg2 Qg8 37. Rh1+ Rh7 38. Rh3 1/2-1/2

[Event "SG Bubenr./Moehrendf. 1-SK Neumarkt 1"]
[Site "?"]
[Date "2015.01.25"]
[Round "5.1"]
[White "Beesk, Kevin"]
[Black "Kalender, Benjamin"]
[Result "1/2-1/2"]
[WhiteElo "1992"]
[BlackElo "2040"]
[PlyCount "59"]
[EventDate "2015.??.??"]
[WhiteTeam "SK Neumarkt 1"]
[BlackTeam "SG Bubenr./Möhrendf. 1"]

1. Nc3 d5 2. e4 d4 3. Nce2 e5 4. Ng3 Be6 5. Nf3 f6 6. c3 c5 7. Bb5+ Nd7 8. Qe2
g6 9. O-O Bh6 10. b4 b6 11. bxc5 bxc5 12. c4 Kf7 13. d3 a6 14. Bxd7 Bxd7 15.
Bxh6 Nxh6 16. Rab1 Qc7 17. Rb2 Rhb8 18. Rfb1 Ng8 19. Qc2 Ne7 20. Nd2 Nc6 21.
Nb3 Ne7 22. Ne2 Ra7 23. Nd2 Rab7 24. Rxb7 Rxb7 25. a3 Rxb1+ 26. Qxb1 Qa5 27.
Qb2 Nc8 28. Kf1 Ba4 29. Qb7+ Ne7 30. Qb2 1/2-1/2

[Event "SG Bubenr./Moehrendf. 1-SK Neumarkt 1"]
[Site "?"]
[Date "2015.01.25"]
[Round "5.2"]
[White "Handl, Johannes"]
[Black "Simon, Martin"]
[Result "0-1"]
[WhiteElo "1882"]
[BlackElo "1926"]
[PlyCount "70"]
[EventDate "2015.??.??"]
[WhiteTeam "SG Bubenr./Möhrendf. 1"]
[BlackTeam "SK Neumarkt 1"]

1. e4 c5 2. Nf3 Nc6 3. d4 cxd4 4. Nxd4 d6 5. Nc3 a6 6. Be3 Nf6 7. Be2 e5 8. Nb3
Be6 9. O-O Be7 10. a4 O-O 11. a5 Rc8 12. Bb6 Qd7 13. Bf3 Nb4 14. Qe2 Bc4 15.
Qd2 Bxf1 16. Rxf1 Rc6 17. Rc1 Rfc8 18. h3 Bd8 19. Be3 Rc4 20. g4 R8c6 21. g5
Qxh3 22. Bg2 Qh5 23. gxf6 Bxf6 24. Bf1 Qg4+ 25. Kh2 Rxc3 26. bxc3 Na2 27. Bg2
Nxc1 28. Nxc1 Bd8 29. c4 Qe6 30. c5 Be7 31. Qb4 Qc8 32. Bh3 dxc5 33. Bxc8 cxb4
34. Bxb7 Rxc2 35. Bxa6 Bc5 0-1

[Event "SG Bubenr./Moehrendf. 1-SK Neumarkt 1"]
[Site "?"]
[Date "2015.01.25"]
[Round "5.3"]
[White "Kipferl, Wolfgang"]
[Black "Loellmann, Heinrich"]
[Result "1-0"]
[WhiteElo "1861"]
[BlackElo "1820"]
[PlyCount "51"]
[EventDate "2015.??.??"]
[WhiteTeam "SK Neumarkt 1"]
[BlackTeam "SG Bubenr./Möhrendf. 1"]

1. e4 e6 2. d4 d5 3. exd5 exd5 4. Bd3 Bd6 5. Nc3 c6 6. Be3 Ne7 7. Qd2 O-O 8. f3
Nf5 9. Bf2 Qc7 10. Nge2 Re8 11. O-O-O b5 12. g4 Ne7 13. Rde1 Nd7 14. Bg3 a5 15.
Nf4 a4 16. Nh5 Nf8 17. g5 Bxg3 18. hxg3 Qd6 19. g4 Bd7 20. Re2 Neg6 21. Rg2 Qe7
22. Nd1 f6 23. gxf6 gxf6 24. f4 Qd6 25. f5 Ne7 26. Qh6 1-0

[Event "SG Bubenr./Moehrendf. 1-SK Neumarkt 1"]
[Site "?"]
[Date "2015.01.25"]
[Round "5.5"]
[White "Brunner, Wolfgang"]
[Black "Kretschmer, Wolfgang"]
[Result "1-0"]
[WhiteElo "1900"]
[BlackElo "1696"]
[PlyCount "69"]
[EventDate "2015.??.??"]
[WhiteTeam "SK Neumarkt 1"]
[BlackTeam "SG Bubenr./Möhrendf. 1"]

1. d4 Nf6 2. c4 g6 3. Nc3 d5 4. cxd5 Nxd5 5. e4 Nxc3 6. bxc3 Bg7 7. Bg5 h6 8.
Be3 b6 9. Qd2 Bb7 10. Bb5+ Nd7 11. f3 c6 12. Ba4 h5 13. Ne2 Rc8 14. O-O O-O 15.
Rfd1 Nf6 16. Rab1 b5 17. c4 a6 18. Bb3 Qd7 19. Nf4 Rfd8 20. cxb5 axb5 21. Nxg6
e6 22. Ne5 Qe8 23. Bg5 c5 24. Qf4 Qe7 25. dxc5 Qxc5+ 26. Kh1 Qe7 27. Nd3 Rd4
28. Qg3 Qc7 29. e5 Ne8 30. Rdc1 Qb6 31. Rxc8 Bxc8 32. Nf4 Qc7 33. Nxh5 Qxe5 34.
Nf6+ Bxf6 35. Bf4+ 1-0

[Event "SG Bubenr./Moehrendf. 1-SK Neumarkt 1"]
[Site "?"]
[Date "2015.01.25"]
[Round "5.6"]
[White "Mettal, Thomas"]
[Black "Niebler, Andreas"]
[Result "1/2-1/2"]
[WhiteElo "1667"]
[BlackElo "1801"]
[PlyCount "90"]
[EventDate "2015.??.??"]
[WhiteTeam "SG Bubenr./Möhrendf. 1"]
[BlackTeam "SK Neumarkt 1"]

1. e4 g6 2. d4 Bg7 3. Nf3 d6 4. Be3 Nf6 5. Nc3 c6 6. h3 O-O 7. Qd2 Qc7 8. O-O-O
Nbd7 9. Bh6 b5 10. Bxg7 Kxg7 11. Bd3 a6 12. Qe3 e5 13. g4 Re8 14. dxe5 dxe5 15.
Nd2 Nf8 16. Nb3 Ne6 17. Be2 a5 18. Nc5 Nf4 19. Bf3 Qe7 20. g5 Nd7 21. Nxd7 Bxd7
22. h4 a4 23. Ne2 Ne6 24. Bg4 Rad8 25. h5 Bc8 26. Rxd8 Rxd8 27. Bxe6 Bxe6 28.
hxg6 fxg6 29. Nc3 Kg8 30. Rd1 Bc4 31. Rxd8+ Qxd8 32. Qd2 Qe7 33. a3 Kf7 34. f4
exf4 35. Qxf4+ Kg7 36. e5 Qf7 37. Qf6+ Qxf6 38. exf6+ Kf7 39. Ne4 Ke6 40. Kd2
Bd5 41. Ke3 Ke5 42. Nc3 Be6 43. Ne4 Bd5 44. Nc3 Bf7 45. Ne4 Bd5 1/2-1/2

[Event "SG Bubenr./Moehrendf. 1-SK Neumarkt 1"]
[Site "?"]
[Date "2015.01.25"]
[Round "5.7"]
[White "Lutter, Maximilian"]
[Black "Wiesent, Karl"]
[Result "1-0"]
[WhiteElo "1928"]
[BlackElo "1816"]
[PlyCount "49"]
[EventDate "2015.??.??"]
[WhiteTeam "SK Neumarkt 1"]
[BlackTeam "SG Bubenr./Möhrendf. 1"]

1. d4 Nf6 2. c4 e5 3. dxe5 Ne4 4. a3 Nc6 5. Nf3 d6 6. Qc2 Bf5 7. Nc3 Ng3 8. e4
Bxe4 9. Nxe4 Nxh1 10. Bg5 Be7 11. O-O-O O-O 12. Bd3 Nxe5 13. Bxe7 Nxd3+ 14.
Qxd3 Nxf2 15. Nxf2 Qxe7 16. Re1 Qf6 17. Qe4 Rab8 18. Qe3 a6 19. Ne4 Qe7 20. Qd3
f5 21. Neg5 Qf6 22. Qd5+ Kh8 23. Re6 Qd8 24. Qd4 h6 25. Rxh6+ 1-0

[Event "SG Bubenr./Moehrendf. 1-SK Neumarkt 1"]
[Site "?"]
[Date "2015.01.25"]
[Round "5.8"]
[White "Kleinert, Jochen"]
[Black "Moesl, Sebastian"]
[Result "0-1"]
[WhiteElo "1730"]
[BlackElo "1769"]
[PlyCount "92"]
[EventDate "2015.??.??"]
[WhiteTeam "SG Bubenr./Möhrendf. 1"]
[BlackTeam "SK Neumarkt 1"]

1. Nf3 Nf6 2. d4 g6 3. c4 Bg7 4. e3 d6 5. Nc3 O-O 6. Bd3 Nc6 7. a3 Bg4 8. h3
Bd7 9. b4 Re8 10. Bb2 e5 11. b5 e4 12. bxc6 Bxc6 13. d5 Bd7 14. Nxe4 Nxe4 15.
Bxg7 Kxg7 16. O-O Nc5 17. Bc2 Qf6 18. Qd4 Rab8 19. a4 a6 20. Rfe1 Re7 21. Re2
Rbe8 22. e4 Qxd4 23. Nxd4 f5 24. f3 fxe4 25. fxe4 Re5 26. a5 Nxe4 27. Nf3 Ng3
28. Rxe5 dxe5 29. Kf2 Nf5 30. Re1 Kf6 31. g4 Nd6 32. g5+ Kg7 33. Nxe5 Bxh3 34.
Ba4 Rf8+ 35. Kg3 Rf1 36. Rxf1 Bxf1 37. Bb3 Kf8 38. Kf2 Bh3 39. Ke3 Ke7 40. Ba4
Bf1 41. Kd4 Bg2 42. c5 Nf5+ 43. Kc4 Ne3+ 44. Kd3 Nxd5 45. Bc6 bxc6 46. Nxc6+
Ke6 0-1

[Event "SV Lauf 1-SC Heideck/Hilpoltstein 1"]
[Site "?"]
[Date "2015.01.25"]
[Round "5.1"]
[White "Fink, Martin"]
[Black "Hanisch, Friedrich"]
[Result "0-1"]
[WhiteElo "1847"]
[BlackElo "1987"]
[PlyCount "74"]
[EventDate "2015.??.??"]
[WhiteTeam "SC Heideck/Hilpoltstein 1"]
[BlackTeam "SV Lauf 1"]

1. d4 d5 2. g3 Nf6 3. Bg2 e6 4. Nf3 Bd6 5. O-O Nbd7 6. Nbd2 c6 7. c4 b6 8. Re1
Bb7 9. b3 O-O 10. Bb2 Ne4 11. Ne5 f5 12. e3 Bb4 13. Bxe4 fxe4 14. a3 Nxe5 15.
dxe5 Bxd2 16. Qxd2 dxc4 17. Qb4 c5 18. Qxc4 Qd2 19. Re2 Qd7 20. Ree1 Bd5 21.
Qc2 Rf3 22. b4 cxb4 23. axb4 Rc8 24. Qd2 Qf7 25. Rac1 Rf8 26. Re2 b5 27. Qe1
Bc4 28. Rd2 h5 29. Bd4 Kh7 30. Bc5 Rc8 31. Ra1 Rc7 32. Rd8 h4 33. Ra8 h3 34.
Bxa7 Qf5 35. Rd8 Bd3 36. Ra2 Qg4 37. Qd2 Rcf7 0-1